Central Library OPAC University of Rajshahi

Acquisition of skill / (Record no. 30388)

MARC details
000 -LEADER
fixed length control field 00738nam a22002411 4500
001 - CONTROL NUMBER
control field 30388
003 - CONTROL NUMBER IDENTIFIER
rucl marc code BD-RjUL
005 - DATE AND TIME OF LATEST TRANSACTION
control field 20211209051545.0
008 - FIXED-LENGTH DATA ELEMENTS--GENERAL INFORMATION
fixed length control field 140409r19681966nyua b 101 0 eng
035 ## - SYSTEM CONTROL NUMBER
System control number (BD-RjUL)30473
040 ## - CATALOGING SOURCE
Original cataloging agency DLC
Transcribing agency DLC
Modifying agency BD-RjUL
Language of cataloging eng
041 ## - LANGUAGE CODE
Language code of text/sound track or separate title eng
082 00 - DEWEY DECIMAL CLASSIFICATION NUMBER
Classification number 153.1508
Author mark and year ACQ 1968
245 10 - TITLE STATEMENT
Title Acquisition of skill /
Statement of responsibility, etc. edited by Edward A. Bilodeau.
260 ## - PUBLICATION, DISTRIBUTION, ETC. (IMPRINT)
Place of publication, distribution, etc. New York ; London :
Name of publisher, distributor, etc. Academic Press,
Date of publication, distribution, etc. c1966 [printing 1968].
300 ## - PHYSICAL DESCRIPTION
Pagination xiii, 539 p. :
Illustrations ill. ;
Size 24 cm.
504 ## - BIBLIOGRAPHY, ETC. NOTE
Bibliography, etc Include bibliography and index.
650 #0 - SUBJECT ADDED ENTRY--TOPICAL TERM
Topical term or geographic name as entry element Learning, Psychology of
General subdivision Congresses.
9 (RLIN) 92356
700 1# - ADDED ENTRY--PERSONAL NAME
Personal name Bilodeau, Edward A.
Relator term ed.
942 ## - ADDED ENTRY ELEMENTS (KOHA)
Source of classification or shelving scheme Dewey Decimal Classification
Koha item type Books
Holdings
Lost status Source of classification or shelving scheme Damaged status Not for loan Collection code Permanent Location Current Location Shelving location Date acquired Source of acquisition Cost, normal purchase price Total Checkouts Full call number Date last seen Copy number Koha item type
  Dewey Decimal Classification   Not For Loan Non-fiction Central Library, University of Rajshahi Central Library, University of Rajshahi Reading Room 04/01/1970 Zetlinger 119.00   153.1508 ACQ 1968 09/04/2014 C-1 Books
  Dewey Decimal Classification     Non-fiction Central Library, University of Rajshahi Central Library, University of Rajshahi   07/01/1970 Zetlinger 119.00   153.1508 ACQ 1968 09/04/2014 C-2 Books